00536nam a2200157Ia 450000500170000000800410001708200190005810000200007724500200009726000510011730000110016850000830017994200060026295200950026899900150036320250306010843.0240331s9999 xx 000 0 und d bJAM22021a920 aJameel, S. N. M 0aNinaivil Nalvar aKalmunaibIslamic Book Publishing Centrec1993 a44 p., aA collection of articles about some great Muslim national heroes of Sri Lanka. cL 001040708LaWERCLbWERCLcSSCd2024-03-31l0o 920 JAMp2021r2024-03-31w2024-03-31yL c4270d4270